| 000 | 00646nam a22001937a 4500 | ||
|---|---|---|---|
| 999 |
_c168549 _d168549 |
||
| 005 | 20191015112509.0 | ||
| 010 | _aENG-126658 | ||
| 020 |
_a9789353433062 _c619.00 |
||
| 035 | _aEN-110190 | ||
| 037 | _bDBAD/PUB | ||
| 082 | _a511.6 | ||
| 100 | _aBrualdi, Richard A. | ||
| 245 |
_aIntroductory combinatorics / _cby Richard A. Brualdi |
||
| 260 |
_aNoida _bPearson India Education Services _c2020 |
||
| 270 |
_a15th Floor, Tower-B, World Trade Tower, Plot No.1 _bBlock-C, Sector-16, Noida _e201301 |
||
| 300 |
_axi;605p. _c24cm(pbk) |
||
| 500 | _aIncludes bibliographical references and index | ||
| 942 |
_2ddc _cEN _h511.6 _mBRU |
||